00438nam a2200169 a 450000100060000000300090000600800410001502000150005604000280007108200140009910000180011324500220013126000490015330000080020265000320021065000260024213324CO-ViMGA141112s2004 ck r 000 u spa d a8401491363 aCO-ViMGAbspacCO-ViMGA04a813 A745s1 aAsimov, Isaac10aSegunda fundacion aBarcelona : bPlaza y Janes Editores, c1986 a31414aNOVELA DE CIENCIA - FICCION14aNOVELA ESTADOUNIDENSE